[Event "Baku Chess Olympiad | Open"]
[Site "chess24.com"]
[Date "2016.09.08"]
[Round "6"]
[White "Abdyjapar, Asyl"]
[Black "Mohamud Hussein Ali"]
[Result "1-0"]
[Board "1"]
[WhiteID "13800337"]
[WhiteElo "2390"]
[WhiteTitle "IM"]
[WhiteCountry "KGZ"]
[WhiteFideId "13800337"]
[WhiteEloChange "2"]
[BlackID "16100352"]
[BlackElo "1606"]
[BlackCountry "SOM"]
[BlackFideId "16100352"]
[BlackEloChange "-2"]

1. d4 {[%clk 1:30:58]} Nf6 {[%clk 1:30:55]} 2. c4 {[%clk 1:31:24]} d5 {[%clk
1:31:10]} 3. cxd5 {[%clk 1:31:49]} Nxd5 {[%clk 1:30:51]} 4. e4 {[%clk 1:32:15]}
Nf6 {[%clk 1:30:26]} 5. Nc3 {[%clk 1:32:39]} e6 {[%clk 1:30:43]} 6. Nf3 {[%clk
1:32:49]} Be7 {[%clk 1:29:45]} 7. Bd3 {[%clk 1:29:35]} c5 {[%clk 1:27:08]} 8. d5
{[%clk 1:29:40]} exd5 {[%clk 1:24:39]} 9. exd5 {[%clk 1:30:06]} O-O {[%clk
1:23:40]} 10. O-O {[%clk 1:30:10]} Bg4 {[%clk 1:21:20]} 11. Bf4 {[%clk 1:30:35]}
a6 {[%clk 1:21:02]} 12. d6 {[%clk 1:30:56]} Bxf3 {[%clk 1:20:52]} 13. dxe7 {[%clk
1:30:44]} Bxd1 {[%clk 1:19:41]} 14. exd8Q {[%clk 1:30:44]} Rxd8 {[%clk 1:19:41]}
15. Raxd1 {[%clk 1:30:54]} Nc6 {[%clk 1:19:54]} 16. Bg5 {[%clk 1:31:02]} Ne5
{[%clk 1:20:01]} 17. Be2 {[%clk 1:31:21]} Rxd1 {[%clk 1:20:19]} 18. Rxd1 {[%clk
1:31:46]} b5 {[%clk 1:19:41]} 19. Bxf6 {[%clk 1:32:05]} gxf6 {[%clk 1:20:03]} 20.
Rd6 {[%clk 1:32:27]} Kg7 {[%clk 1:19:51]} 21. f4 {[%clk 1:32:51]} Ng6 {[%clk
1:19:47]} 22. g3 {[%clk 1:33:16]} Ne7 {[%clk 1:19:13]} 23. Nd5 {[%clk 1:33:18]}
Nxd5 {[%clk 1:19:13]} 24. Rxd5 {[%clk 1:31:01]} c4 {[%clk 1:18:55]} 25. Rd6
{[%clk 1:31:27]} Ra7 {[%clk 1:19:06]} 26. Kf2 {[%clk 1:31:51]} a5 {[%clk
1:19:20]} 27. Rb6 {[%clk 1:32:16]} 1-0

[Event "Baku Chess Olympiad | Open"]
[Site "chess24.com"]
[Date "2016.09.08"]
[Round "6"]
[White "Jamena, Joseph Mensah"]
[Black "Muradli, Mahammad"]
[Result "*"]
[Board "3"]
[WhiteID "12600407"]
[WhiteElo "1992"]
[WhiteTitle "CM"]
[WhiteCountry "GHA"]
[WhiteFideId "12600407"]
[BlackID "13409301"]
[BlackElo "2331"]
[BlackTitle "FM"]
[BlackCountry "AZE"]
[BlackFideId "13409301"]

1. e4 {[%clk 1:30:58]} c5 {[%clk 1:30:52]} 2. Nf3 {[%clk 1:31:22]} Nc6 {[%clk
1:31:13]} 3. d4 {[%clk 1:31:42]} cxd4 {[%clk 1:31:39]} 4. Nxd4 {[%clk 1:32:08]}
g6 {[%clk 1:32:03]} 5. Be3 {[%clk 1:28:59]} Bg7 {[%clk 1:32:06]} 6. Nc3 {[%clk
1:27:55]} d6 {[%clk 1:27:53]} 7. Qd2 {[%clk 1:28:05]} Nf6 {[%clk 1:22:50]} 8. f3
{[%clk 1:27:47]} O-O {[%clk 1:20:04]} 9. O-O-O {[%clk 1:28:10]} Nxd4 {[%clk
1:14:42]} 10. Bxd4 {[%clk 1:28:19]} Be6 {[%clk 1:13:55]} 11. g4 {[%clk 1:25:45]}
Qa5 {[%clk 1:02:33]} 12. Kb1 {[%clk 1:26:01]} Rfc8 {[%clk 0:59:39]} 13. Nd5
{[%clk 1:20:57]} Qxd2 {[%clk 0:58:25]} 14. Nxf6+ {[%clk 1:21:04]} Bxf6 {[%clk
0:58:43]} 15. Rxd2 {[%clk 1:20:11]} Bxd4 {[%clk 0:57:54]} 16. Rxd4 {[%clk
1:20:39]} g5 {[%clk 0:58:11]} 17. h4 {[%clk 1:20:11]} h6 {[%clk 0:57:48]} 18. Be2
{[%clk 1:18:54]} Kg7 {[%clk 0:53:22]} 19. hxg5 {[%clk 1:18:45]} hxg5 {[%clk
0:53:35]} 20. c3 {[%clk 1:16:20]} Rh8 {[%clk 0:51:43]} 21. Rhd1 {[%clk 1:13:58]}
Rh3 {[%clk 0:48:32]} 22. b3 {[%clk 1:09:35]} Rah8 {[%clk 0:46:55]} 23. Ra4 {[%clk
1:04:48]} a6 {[%clk 0:46:45]} 24. Rb4 {[%clk 1:04:52]} b5 {[%clk 0:46:05]} 25.
Kc2 {[%clk 0:59:01]} Rh2 {[%clk 0:40:59]} 26. Kd3 {[%clk 0:54:23]} Rg2 {[%clk
0:37:53]} 27. Ke3 {[%clk 0:54:24]} Rhh2 {[%clk 0:30:23]} 28. Rd2 {[%clk 0:53:15]}
Kf6 {[%clk 0:21:00]} 29. a4 {[%clk 0:51:37]} bxa4 {[%clk 0:20:12]} 30. bxa4
{[%clk 0:52:03]} a5 {[%clk 0:10:16]} 31. Rb5 {[%clk 0:38:13]} Rg3 {[%clk
0:07:12]} 32. Bd1 {[%clk 0:36:08]} Rh1 {[%clk 0:03:38]} 33. Rxa5 {[%clk 0:34:35]}
Rgg1 {[%clk 0:02:52]} 34. Be2 {[%clk 0:33:35]} Ra1 {[%clk 0:02:32]} 35. Ra7
{[%clk 0:31:45]} Rhc1 {[%clk 0:01:14]} 36. Kd4 {[%clk 0:26:31]} Ra3 {[%clk
0:01:14]} 37. c4 {[%clk 0:22:39]} Rca1 {[%clk 0:01:25]} 38. Bd1 {[%clk 0:22:33]}
Rb1 {[%clk 0:01:31]} 39. Rc7 {[%clk 0:18:21]} Raa1 {[%clk 0:00:57]} 40. Bc2
{[%clk 0:47:54]} Rf1 {[%clk 0:30:50]} 41. Rd3 {[%clk 0:47:21]} Ra2 {[%clk
0:18:18]} 42. Bb3 {[%clk 0:44:43]} Raf2 {[%clk 0:12:45]} 43. Bd1 {[%clk 0:43:21]}
Rb2 {[%clk 0:08:34]} 44. Kc3 {[%clk 0:41:31]} Ra2 {[%clk 0:08:22]} 45. Kb3 {[%clk
0:39:53]} Ra1 {[%clk 0:04:33]} 46. Bc2 {[%clk 0:40:02]} Ke5 {[%clk 0:03:34]} 47.
Kb2 {[%clk 0:39:10]} Kf4 {[%clk 0:03:36]} 48. Rc3 {[%clk 0:35:18]} Rh1 {[%clk
0:00:50]} 49. Rxe7 {[%clk 0:35:17]} Raf1 {[%clk 0:00:42]} 50. Rb7 {[%clk
0:35:14]} Rxf3 {[%clk 0:00:48]} 51. a5 {[%clk 0:29:36]} Rxc3 {[%clk 0:00:37]} 52.
Kxc3 {[%clk 0:29:52]} Ra1 {[%clk 0:00:39]} 53. Kb4 {[%clk 0:26:00]} Kxg4 {[%clk
0:00:46]} 54. Rb6 {[%clk 0:24:49]} Kf4 {[%clk 0:00:45]} 55. Rxd6 {[%clk 0:24:53]}
g4 {[%clk 0:01:09]} 56. Rd1 {[%clk 0:22:48]} Rxd1 {[%clk 0:01:09]} 57. Bxd1
{[%clk 0:23:12]} g3 {[%clk 0:01:58]} 58. a6 {[%clk 0:11:52]} Bc8 {[%clk 0:02:25]}
59. a7 {[%clk 0:07:00]} Bb7 {[%clk 0:02:53]} 60. Kb5 {[%clk 0:06:25]} g2 {[%clk
0:03:17]} *

[Event "Baku Chess Olympiad | Open"]
[Site "chess24.com"]
[Date "2016.09.08"]
[Round "6"]
[White "Alice, Mateus Felizardo Viageiro"]
[Black "Dervishi, Erald"]
[Result "*"]
[Board "1"]
[WhiteID "14800047"]
[WhiteElo "2164"]
[WhiteTitle "FM"]
[WhiteCountry "MOZ"]
[WhiteFideId "14800047"]
[BlackID "4700236"]
[BlackElo "2564"]
[BlackTitle "GM"]
[BlackCountry "ALB"]
[BlackFideId "4700236"]

1. e4 {[%clk 1:30:59]} e5 {[%clk 1:30:53]} 2. Nf3 {[%clk 1:31:28]} Nc6 {[%clk
1:31:15]} 3. Bb5 {[%clk 1:31:56]} a6 {[%clk 1:31:37]} 4. Ba4 {[%clk 1:32:23]} Nf6
{[%clk 1:31:59]} 5. Bxc6 {[%clk 1:32:49]} dxc6 {[%clk 1:31:59]} 6. d3 {[%clk
1:33:08]} Nd7 {[%clk 1:32:17]} 7. Nbd2 {[%clk 1:33:33]} Bd6 {[%clk 1:31:18]} 8.
Nc4 {[%clk 1:33:56]} c5 {[%clk 1:30:54]} 9. Bd2 {[%clk 1:34:20]} f6 {[%clk
1:23:31]} 10. Nh4 {[%clk 1:34:16]} Nf8 {[%clk 1:23:31]} 11. Qh5+ {[%clk 1:25:53]}
g6 {[%clk 1:23:04]} 12. Qe2 {[%clk 1:24:08]} Be6 {[%clk 1:20:13]} 13. Nxd6+
{[%clk 1:22:41]} Qxd6 {[%clk 1:18:58]} 14. Nf3 {[%clk 1:21:54]} O-O-O {[%clk
1:18:02]} 15. b3 {[%clk 1:21:44]} g5 {[%clk 1:15:20]} 16. O-O-O {[%clk 1:21:08]}
Ng6 {[%clk 1:12:46]} 17. Kb1 {[%clk 1:21:21]} g4 {[%clk 1:09:52]} 18. Ng1 {[%clk
1:20:43]} h5 {[%clk 1:08:10]} 19. h3 {[%clk 1:19:09]} f5 {[%clk 0:40:15]} 20.
exf5 {[%clk 1:18:10]} Bxf5 {[%clk 0:40:42]} 21. hxg4 {[%clk 1:18:23]} hxg4 {[%clk
0:40:37]} 22. Rxh8 {[%clk 1:18:30]} Rxh8 {[%clk 0:40:54]} 23. g3 {[%clk 1:18:27]}
Qd5 {[%clk 0:32:02]} 24. Qe3 {[%clk 1:10:01]} e4 {[%clk 0:25:31]} 25. dxe4 {[%clk
1:09:48]} Bxe4 {[%clk 0:25:53]} 26. Re1 {[%clk 1:08:08]} Re8 {[%clk 0:20:40]} 27.
Qc3 {[%clk 1:06:31]} Ne5 {[%clk 0:16:46]} 28. Be3 {[%clk 1:05:34]} b6 {[%clk
0:13:38]} 29. Ne2 {[%clk 1:05:23]} Nf3 {[%clk 0:13:37]} 30. Rc1 {[%clk 1:04:43]}
Rd8 {[%clk 0:11:31]} 31. Nf4 {[%clk 1:04:30]} Qf7 {[%clk 0:09:36]} 32. Kb2 {[%clk
1:03:22]} Kb7 {[%clk 0:08:09]} 33. a4 {[%clk 1:03:38]} a5 {[%clk 0:07:35]} 34.
Ne2 {[%clk 1:00:58]} Qf5 {[%clk 0:06:00]} 35. Rb1 {[%clk 0:56:30]} Ne5 {[%clk
0:05:38]} 36. Rc1 {[%clk 0:53:45]} Nc6 {[%clk 0:05:48]} 37. Nf4 {[%clk 0:51:45]}
Rd6 {[%clk 0:04:43]} 38. Ne2 {[%clk 0:49:41]} Nb4 {[%clk 0:05:05]} 39. Nf4 {[%clk
0:49:51]} Bf3 {[%clk 0:03:16]} 40. Bd2 {[%clk 1:12:56]} Qd7 {[%clk 0:31:55]} 41.
Be3 {[%clk 1:07:18]} Qf5 {[%clk 0:20:22]} 42. Bd2 {[%clk 1:04:46]} Be4 {[%clk
0:20:38]} 43. Be3 {[%clk 1:04:28]} Qh7 {[%clk 0:19:38]} 44. Bd2 {[%clk 1:04:30]}
Qd7 {[%clk 0:19:13]} 45. Be1 {[%clk 1:00:31]} Qh7 {[%clk 0:14:05]} 46. Qc4 {[%clk
0:58:34]} Rd4 {[%clk 0:12:25]} 47. Qe2 {[%clk 0:57:48]} Bf3 {[%clk 0:12:25]} 48.
Qe3 {[%clk 0:55:39]} Re4 {[%clk 0:12:28]} 49. Qc3 {[%clk 0:55:15]} c4 {[%clk
0:08:56]} 50. Bd2 {[%clk 0:53:10]} Qd7 {[%clk 0:06:51]} 51. Re1 {[%clk 0:49:53]}
Rd4 {[%clk 0:06:15]} 52. Be3 {[%clk 0:49:44]} Rd6 {[%clk 0:06:23]} 53. Rc1 {[%clk
0:48:52]} Rc6 {[%clk 0:05:00]} 54. bxc4 {[%clk 0:46:18]} Qf7 {[%clk 0:04:08]} 55.
Nd3 {[%clk 0:20:58]} Nd5 {[%clk 0:02:10]} 56. Ne5 {[%clk 0:19:09]} Nxc3 {[%clk
0:02:07]} 57. Nxf7 {[%clk 0:19:28]} Rxc4 {[%clk 0:02:05]} 58. Ne5 {[%clk
0:17:54]} Nxa4+ {[%clk 0:02:30]} 59. Ka1 {[%clk 0:14:46]} Re4 {[%clk 0:01:50]}
60. Nxf3 {[%clk 0:14:46]} gxf3 {[%clk 0:02:19]} 61. Rd1 {[%clk 0:13:40]} c5
{[%clk 0:02:06]} 62. Rd7+ {[%clk 0:13:41]} Kc6 {[%clk 0:02:25]} 63. Rf7 {[%clk
0:14:07]} Nc3 {[%clk 0:02:12]} 64. Bd2 {[%clk 0:12:59]} Ra4+ {[%clk 0:02:32]} 65.
Kb2 {[%clk 0:12:30]} Nd1+ {[%clk 0:02:41]} 66. Kb3 {[%clk 0:12:36]} Kb5 {[%clk
0:02:47]} *

[Event "Baku Chess Olympiad | Open"]
[Site "chess24.com"]
[Date "2016.09.08"]
[Round "6"]
[White "Sie Thu"]
[Black "Gonza, Simon"]
[Result "1-0"]
[Board "3"]
[WhiteID "13002767"]
[WhiteElo "2148"]
[WhiteCountry "MYA"]
[WhiteFideId "13002767"]
[WhiteEloChange "9"]
[BlackID "10000550"]
[BlackElo "2096"]
[BlackCountry "UGA"]
[BlackFideId "10000550"]
[BlackEloChange "-9"]

1. e4 {[%clk 1:30:56]} c5 {[%clk 1:30:22]} 2. Nc3 {[%clk 1:31:09]} Nc6 {[%clk
1:30:13]} 3. f4 {[%clk 1:31:28]} g6 {[%clk 1:29:10]} 4. Nf3 {[%clk 1:31:38]} Bg7
{[%clk 1:29:10]} 5. Bb5 {[%clk 1:31:42]} Nd4 {[%clk 1:27:19]} 6. O-O {[%clk
1:31:34]} Nxb5 {[%clk 1:21:41]} 7. Nxb5 {[%clk 1:31:56]} a6 {[%clk 1:22:00]} 8.
Nc3 {[%clk 1:32:05]} e6 {[%clk 1:21:56]} 9. d3 {[%clk 1:31:15]} Ne7 {[%clk
1:21:59]} 10. Qe1 {[%clk 1:29:15]} O-O {[%clk 1:21:28]} 11. f5 {[%clk 1:27:10]}
exf5 {[%clk 1:16:09]} 12. Qh4 {[%clk 1:25:52]} fxe4 {[%clk 1:11:47]} 13. dxe4
{[%clk 1:22:42]} d5 {[%clk 1:05:02]} 14. Bh6 {[%clk 1:15:29]} f6 {[%clk 0:56:24]}
15. Bxg7 {[%clk 1:12:30]} Kxg7 {[%clk 0:56:47]} 16. exd5 {[%clk 1:07:44]} b5
{[%clk 0:47:41]} 17. Rad1 {[%clk 0:58:41]} Bb7 {[%clk 0:42:18]} 18. d6 {[%clk
0:40:48]} Nf5 {[%clk 0:38:37]} 19. Qf4 {[%clk 0:39:33]} Qd7 {[%clk 0:35:50]} 20.
Nd5 {[%clk 0:32:57]} Rae8 {[%clk 0:30:34]} 21. g4 {[%clk 0:23:19]} Bxd5 {[%clk
0:22:41]} 22. Rxd5 {[%clk 0:15:42]} Ne3 {[%clk 0:16:19]} 23. Rxc5 {[%clk
0:15:48]} Qxg4+ {[%clk 0:16:21]} 24. Qxg4 {[%clk 0:16:11]} Nxg4 {[%clk 0:16:37]}
25. a4 {[%clk 0:08:55]} b4 {[%clk 0:07:28]} 26. Nd4 {[%clk 0:06:44]} Re4 {[%clk
0:05:27]} 27. Nc6 {[%clk 0:05:12]} Ne5 {[%clk 0:04:51]} 28. Rd1 {[%clk 0:01:15]}
Nxc6 {[%clk 0:01:26]} 29. Rxc6 {[%clk 0:01:44]} Rd8 {[%clk 0:01:07]} 30. Rxa6
{[%clk 0:02:06]} g5 {[%clk 0:01:14]} 31. Rc6 {[%clk 0:01:49]} Kg6 {[%clk
0:01:09]} 32. a5 {[%clk 0:01:56]} Re5 {[%clk 0:00:48]} 33. a6 {[%clk 0:02:08]}
Ra5 {[%clk 0:01:15]} 34. d7 {[%clk 0:01:32]} Kf7 {[%clk 0:01:21]} 35. c3 {[%clk
0:00:39]} bxc3 {[%clk 0:01:32]} 36. bxc3 {[%clk 0:01:01]} Ke7 {[%clk 0:01:28]}
37. Rcd6 {[%clk 0:01:26]} Rc5 {[%clk 0:01:12]} 38. R6d3 {[%clk 0:01:24]} Ra5
{[%clk 0:01:15]} 39. Re3+ {[%clk 0:01:26]} Kf7 {[%clk 0:01:22]} 40. Rd6 {[%clk
0:31:48]} Rc5 {[%clk 0:30:55]} 41. Re8 {[%clk 0:22:41]} Rxe8 {[%clk 0:22:55]} 42.
Rxf6+ {[%clk 0:22:55]} Ke7 {[%clk 0:23:03]} 43. dxe8Q+ {[%clk 0:23:12]} Kxe8
{[%clk 0:23:06]} 44. Rb6 {[%clk 0:22:39]} Kd7 {[%clk 0:19:14]} 45. a7 {[%clk
0:22:36]} Ra5 {[%clk 0:17:16]} 46. Rh6 {[%clk 0:22:29]} Ra2 {[%clk 0:16:17]} 47.
Rxh7+ {[%clk 0:22:33]} Kd6 {[%clk 0:15:02]} 48. Rg7 {[%clk 0:21:36]} g4 {[%clk
0:14:41]} 49. Rxg4 {[%clk 0:18:52]} Rxa7 {[%clk 0:15:06]} 50. h4 {[%clk 0:18:21]}
Rc7 {[%clk 0:12:39]} 51. c4 {[%clk 0:18:03]} Ke6 {[%clk 0:11:33]} 52. Kg2 {[%clk
0:18:06]} Kf6 {[%clk 0:11:40]} 53. Kf3 {[%clk 0:18:15]} Kf5 {[%clk 0:09:07]} 54.
Rg5+ {[%clk 0:18:09]} Kf6 {[%clk 0:09:31]} 55. c5 {[%clk 0:18:28]} Ra7 {[%clk
0:08:51]} 56. Ke4 {[%clk 0:17:38]} Ra4+ {[%clk 0:06:28]} 57. Kd5 {[%clk 0:17:54]}
Rxh4 {[%clk 0:06:47]} 58. Re5 {[%clk 0:18:16]} Rh1 {[%clk 0:05:56]} 59. Re2
{[%clk 0:18:36]} Rc1 {[%clk 0:03:27]} 60. Kd6 {[%clk 0:18:54]} Rd1+ {[%clk
0:03:37]} 61. Kc7 {[%clk 0:19:17]} Rc1 {[%clk 0:02:17]} 62. c6 {[%clk 0:19:42]}
Rc3 {[%clk 0:02:33]} 63. Kd7 {[%clk 0:19:57]} Rd3+ {[%clk 0:01:15]} 64. Kc8
{[%clk 0:20:21]} Rc3 {[%clk 0:01:30]} 65. c7 {[%clk 0:20:46]} Rc4 {[%clk
0:01:08]} 66. Kd7 {[%clk 0:20:57]} Rd4+ {[%clk 0:01:30]} 67. Kc6 {[%clk 0:21:18]}
Rc4+ {[%clk 0:01:24]} 68. Kd6 {[%clk 0:21:47]} Rc1 {[%clk 0:00:54]} 69. Rf2+
{[%clk 0:22:10]} Kg7 {[%clk 0:00:50]} 70. Rd2 {[%clk 0:22:25]} 1-0

[Event "Baku Chess Olympiad | Open"]
[Site "chess24.com"]
[Date "2016.09.08"]
[Round "6"]
[White "Semedo, Adelino"]
[Black "Thorsteinsson, Sjurdur"]
[Result "*"]
[Board "3"]
[WhiteID "1951165"]
[WhiteElo "1671"]
[WhiteCountry "STP"]
[WhiteFideId "1951165"]
[BlackID "7200641"]
[BlackElo "2187"]
[BlackCountry "FAI"]
[BlackFideId "7200641"]

1. d4 {[%clk 1:30:55]} Nf6 {[%clk 1:30:32]} 2. c4 {[%clk 1:31:13]} g6 {[%clk
1:30:41]} 3. Nc3 {[%clk 1:31:34]} Bg7 {[%clk 1:31:04]} 4. Bg5 {[%clk 1:31:17]} d6
{[%clk 1:30:23]} 5. Nf3 {[%clk 1:30:59]} c6 {[%clk 1:27:31]} 6. e3 {[%clk
1:28:50]} O-O {[%clk 1:27:05]} 7. Be2 {[%clk 1:27:20]} Qc7 {[%clk 1:26:08]} 8.
O-O {[%clk 1:22:48]} Nbd7 {[%clk 1:25:36]} 9. Rc1 {[%clk 1:20:49]} a5 {[%clk
1:23:26]} 10. a3 {[%clk 1:18:16]} e5 {[%clk 1:21:06]} 11. d5 {[%clk 1:16:35]} h6
{[%clk 1:10:55]} 12. Bh4 {[%clk 1:16:20]} g5 {[%clk 0:59:14]} 13. Bg3 {[%clk
1:16:36]} Ne8 {[%clk 0:53:21]} 14. Nd2 {[%clk 1:14:43]} f5 {[%clk 0:52:00]} 15.
f4 {[%clk 1:12:42]} gxf4 {[%clk 0:46:33]} 16. exf4 {[%clk 1:12:15]} e4 {[%clk
0:45:36]} 17. Bf2 {[%clk 1:09:52]} Ndf6 {[%clk 0:41:20]} 18. Kh1 {[%clk 1:07:13]}
Qe7 {[%clk 0:37:53]} 19. Be3 {[%clk 1:05:35]} Kh8 {[%clk 0:33:36]} 20. Rg1 {[%clk
1:03:53]} Nc7 {[%clk 0:32:13]} 21. Nf1 {[%clk 1:00:12]} Rd8 {[%clk 0:26:45]} 22.
Ng3 {[%clk 0:57:01]} c5 {[%clk 0:24:23]} 23. Nh5 {[%clk 0:55:35]} Nxh5 {[%clk
0:19:58]} 24. Bxh5 {[%clk 0:55:54]} Rg8 {[%clk 0:19:47]} 25. g4 {[%clk 0:45:54]}
Bf6 {[%clk 0:18:58]} 26. Bxc5 {[%clk 0:40:39]} dxc5 {[%clk 0:14:37]} 27. d6
{[%clk 0:40:50]} Qd7 {[%clk 0:13:12]} 28. dxc7 {[%clk 0:40:50]} Bd4 {[%clk
0:13:12]} 29. Rg2 {[%clk 0:38:08]} Qxc7 {[%clk 0:13:17]} 30. Nd5 {[%clk 0:36:48]}
Qd6 {[%clk 0:13:25]} 31. Qe1 {[%clk 0:29:41]} Be6 {[%clk 0:12:41]} 32. Qh4 {[%clk
0:27:25]} Bxd5 {[%clk 0:12:12]} 33. cxd5 {[%clk 0:27:32]} Qxf4 {[%clk 0:12:25]}
34. Rd1 {[%clk 0:22:26]} Raf8 {[%clk 0:11:56]} 35. Qh3 {[%clk 0:20:11]} Qf3
{[%clk 0:07:07]} 36. Qxf3 {[%clk 0:20:39]} exf3 {[%clk 0:07:31]} 37. Rg3 {[%clk
0:19:12]} f2 {[%clk 0:06:38]} 38. d6 {[%clk 0:16:36]} fxg4 {[%clk 0:06:08]} 39.
Kg2 {[%clk 0:17:01]} Rd8 {[%clk 0:05:28]} 40. b4 {[%clk 0:13:47]} axb4 {[%clk
0:05:47]} 41. axb4 {[%clk 0:44:14]} b6 {[%clk 0:36:01]} 42. Bxg4 {[%clk 0:40:33]}
Rxd6 {[%clk 0:36:03]} 43. bxc5 {[%clk 0:40:12]} bxc5 {[%clk 0:36:25]} 44. Be2
{[%clk 0:39:04]} Rf6 {[%clk 0:36:05]} 45. Bc4 {[%clk 0:37:29]} Rxg3+ {[%clk
0:36:22]} 46. hxg3 {[%clk 0:37:05]} Kg7 {[%clk 0:36:42]} 47. Rh1 {[%clk 0:36:00]}
Kg6 {[%clk 0:35:54]} 48. Rh4 {[%clk 0:34:07]} Kg5 {[%clk 0:34:04]} 49. Bf1 {[%clk
0:33:35]} Kf5 {[%clk 0:33:41]} 50. Bc4 {[%clk 0:31:44]} Ke5 {[%clk 0:33:49]} 51.
Kf1 {[%clk 0:30:40]} Kd6 {[%clk 0:33:38]} 52. Bb5 {[%clk 0:30:50]} Kd5 {[%clk
0:33:37]} 53. Rh5+ {[%clk 0:30:17]} Ke4 {[%clk 0:33:32]} 54. Kg2 {[%clk 0:26:47]}
Ke3 {[%clk 0:33:31]} 55. Rh1 {[%clk 0:27:05]} Rb6 {[%clk 0:32:48]} 56. Bc4 {[%clk
0:27:07]} Kd2 {[%clk 0:31:51]} 57. Bf1 {[%clk 0:26:06]} Kc3 {[%clk 0:29:23]} 58.
Be2 {[%clk 0:26:07]} Re6 {[%clk 0:29:17]} 59. Bb5 {[%clk 0:24:14]} Kd2 {[%clk
0:27:53]} 60. Bc4 {[%clk 0:24:04]} Rf6 {[%clk 0:20:31]} 61. Bf1 {[%clk 0:23:22]}
Ke3 {[%clk 0:20:10]} 62. Bc4 {[%clk 0:23:03]} Rb6 {[%clk 0:16:50]} 63. Bf1 {[%clk
0:23:00]} Rb4 {[%clk 0:14:01]} 64. Rxh6 {[%clk 0:21:32]} c4 {[%clk 0:14:21]} 65.
Re6+ {[%clk 0:15:26]} Kd2 {[%clk 0:14:08]} 66. Re2+ {[%clk 0:14:45]} Kd1 {[%clk
0:10:54]} 67. Ra2 {[%clk 0:13:33]} c3 {[%clk 0:10:03]} 68. Bd3 {[%clk 0:13:12]}
Bb6 {[%clk 0:07:01]} 69. Kf1 {[%clk 0:11:01]} *

[Event "Baku Chess Olympiad | Open"]
[Site "chess24.com"]
[Date "2016.09.08"]
[Round "6"]
[White "Vang, Finnbjorn"]
[Black "Rita, Jose"]
[Result "1/2-1/2"]
[Board "4"]
[WhiteID "7200463"]
[WhiteElo "2067"]
[WhiteCountry "FAI"]
[WhiteFideId "7200463"]
[WhiteEloChange "-8"]
[BlackID "16900057"]
[BlackElo "1625"]
[BlackCountry "STP"]
[BlackFideId "16900057"]
[BlackEloChange "8"]

1. e4 {[%clk 1:30:56]} c5 {[%clk 1:30:43]} 2. d4 {[%clk 1:31:19]} cxd4 {[%clk
1:30:53]} 3. c3 {[%clk 1:31:40]} dxc3 {[%clk 1:30:24]} 4. Nxc3 {[%clk 1:32:07]}
Nc6 {[%clk 1:30:20]} 5. Nf3 {[%clk 1:32:31]} a6 {[%clk 1:29:22]} 6. a4 {[%clk
1:29:29]} d6 {[%clk 1:28:00]} 7. Bc4 {[%clk 1:29:37]} e6 {[%clk 1:27:03]} 8. O-O
{[%clk 1:29:56]} Be7 {[%clk 1:27:04]} 9. Qe2 {[%clk 1:30:16]} Nf6 {[%clk
1:26:51]} 10. Rd1 {[%clk 1:30:34]} Bd7 {[%clk 1:26:20]} 11. h3 {[%clk 1:17:51]}
O-O {[%clk 1:23:50]} 12. Be3 {[%clk 1:17:37]} Qc7 {[%clk 1:22:51]} 13. Rac1
{[%clk 1:17:56]} Rac8 {[%clk 1:21:48]} 14. Ba2 {[%clk 1:12:30]} h6 {[%clk
1:15:39]} 15. b4 {[%clk 0:53:09]} Qb8 {[%clk 1:11:58]} 16. b5 {[%clk 0:47:18]}
axb5 {[%clk 1:10:11]} 17. axb5 {[%clk 0:47:09]} Na5 {[%clk 1:07:12]} 18. Bd4
{[%clk 0:39:40]} e5 {[%clk 1:03:15]} 19. Be3 {[%clk 0:38:52]} b6 {[%clk 1:02:46]}
20. Nd2 {[%clk 0:20:51]} Be6 {[%clk 1:02:46]} 21. Nd5 {[%clk 0:07:28]} Nxd5
{[%clk 0:58:03]} 22. exd5 {[%clk 0:07:19]} Bd7 {[%clk 0:57:54]} 23. Rc6 {[%clk
0:06:57]} Bxc6 {[%clk 0:50:05]} 24. dxc6 {[%clk 0:07:12]} Qc7 {[%clk 0:49:56]}
25. Bd5 {[%clk 0:02:36]} Kh7 {[%clk 0:47:13]} 26. Qh5 {[%clk 0:02:06]} f5 {[%clk
0:46:13]} 27. f4 {[%clk 0:01:09]} g6 {[%clk 0:45:18]} 28. Qe2 {[%clk 0:01:25]}
Rb8 {[%clk 0:44:31]} 29. Qf2 {[%clk 0:01:28]} Bf6 {[%clk 0:44:42]} 30. Rb1 {[%clk
0:00:42]} Rfe8 {[%clk 0:44:24]} 31. Rb4 {[%clk 0:00:48]} exf4 {[%clk 0:44:05]}
32. Bxf4 {[%clk 0:00:32]} Qe7 {[%clk 0:43:47]} 33. Nf3 {[%clk 0:00:41]} g5 {[%clk
0:43:08]} 34. Bd2 {[%clk 0:00:55]} f4 {[%clk 0:41:02]} 35. Ra4 {[%clk 0:01:03]}
Qc7 {[%clk 0:39:49]} 36. Nd4 {[%clk 0:00:46]} Bxd4 {[%clk 0:37:19]} 37. Qxd4
{[%clk 0:01:09]} Re5 {[%clk 0:35:23]} 38. Qd3+ {[%clk 0:01:07]} Kg7 {[%clk
0:35:18]} 39. Bc3 {[%clk 0:01:22]} Re8 {[%clk 0:34:48]} 40. Qf5 {[%clk 0:30:40]}
Qe7 {[%clk 0:59:05]} 41. Rxa5 {[%clk 0:18:54]} bxa5 {[%clk 0:55:03]} 42. b6
{[%clk 0:18:56]} Rf8 {[%clk 0:54:30]} 43. Qe6 {[%clk 0:10:36]} Qxe6 {[%clk
0:51:44]} 44. Bxe6 {[%clk 0:10:59]} Kf6 {[%clk 0:51:55]} 45. Bg4 {[%clk 0:09:13]}
Ke7 {[%clk 0:51:40]} 46. Bxe5 {[%clk 0:09:25]} dxe5 {[%clk 0:50:40]} 47. c7
{[%clk 0:06:11]} Kd6 {[%clk 0:48:45]} 48. c8Q {[%clk 0:06:01]} Rxc8 {[%clk
0:48:53]} 49. Bxc8 {[%clk 0:06:29]} e4 {[%clk 0:48:57]} 50. Bf5 {[%clk 0:05:14]}
e3 {[%clk 0:48:07]} 51. Be4 {[%clk 0:04:42]} a4 {[%clk 0:48:16]} 52. b7 {[%clk
0:04:11]} Kc7 {[%clk 0:48:28]} 53. Bd5 {[%clk 0:04:22]} a3 {[%clk 0:47:52]} 54.
Kf1 {[%clk 0:04:43]} h5 {[%clk 0:47:23]} 55. Ke2 {[%clk 0:02:35]} g4 {[%clk
0:47:31]} 56. h4 {[%clk 0:01:09]} g3 {[%clk 0:45:54]} 57. Kf3 {[%clk 0:01:15]}
Kb8 {[%clk 0:46:01]} 58. Ke2 {[%clk 0:01:01]} Kc7 {[%clk 0:46:18]} 1/2-1/2